|
|
|
|
| LEADER |
00000cam a2200000 7i4500 |
| 001 |
0000007685 |
| 005 |
20160330.0 |
| 008 |
070801 |
| 020 |
|
|
|a 9831980689
|
| 090 |
0 |
0 |
|a 510
|b LEN
|
| 100 |
0 |
|
|a Lena Abdullah
|
| 245 |
1 |
2 |
|a A step-by-step Maths problem solving guide 2 :
|b Ratios,Rates and proportions,Statistics 1,Transformation
|c Lena Abdullah
|
| 260 |
|
|
|a Kuala Lumpur :
|b Jade Green Publications ,
|c 2006
|
| 500 |
|
|
|a Teenager ages 13-18 years old (blue)
|
| 650 |
|
0 |
|a Mathematics
|
| 700 |
1 |
|
|a Lai, Magdalene
|
| 999 |
|
|
|a 0000979036
|b Book
|c Teenagers
|e Perbadanan Perpustakaan Awam Johor
|
| 999 |
|
|
|a 0000979039
|b Book
|c Teenagers
|e Perbadanan Perpustakaan Awam Johor
|
| 999 |
|
|
|a 0000988225
|b Book
|c Teenagers
|e Cawangan Bandar Penawar
|
| 999 |
|
|
|a 0000988226
|b Book
|c Adult Collection
|e Cawangan Segamat
|
| 999 |
|
|
|a 0001045422
|b Book
|c Teenagers
|e Cawangan Bandar Tenggara
|
| 999 |
|
|
|a 000988224
|b Book
|c Adult Collection
|e Cawangan Muar
|